000 00881nam a22002777a 4500
003 CHAP
005 20220329135723.0
008 971013s r 00010 d
010 _a41087
011 _a42059
035 _a46186
040 _cCHAP
090 _aR-2334
100 0 0 _aMoyna, Patrick.
_979214
245 _aFinding drought-resistante plants with chemistry
500 _aSobretiro de: Spirit of enterprises: The 1981 Rolex Award. -- London: Harrap, 1981 pp. 18-19
590 _aBATCH-UPD
_b10
_c20130110
_lUCH01
_h1553
590 _aBATCH-UPD
_b10
_c20130410
_lUCH01
_h0951
590 _aBATCH-UPD
_b10
_c20130914
_lUCH01
_h1918
590 _aCONVERSION
_b10
_c20130109
_lUCH01
_h1323
650 1 4 _aPlantas
_xResistencia a sequía.
_988886
650 1 4 _aQuímica vegetal.
_993602
901 _aBK
942 _cREIMP
949 _aR-2334
_bBC
_cR
_d-105271
_eTS1
_i46186
_si
999 _c41087
_d41087